000 00606nam a2200229Ia 4500
003 OSt
005 20220918203054.0
006 a|||||r|||| 00| 0
007 ta
008 220917b |||||||| |||| 00| 0 eng d
024 _a105,822
037 _cTextual
040 _aARTS
_cARTS
_beng
041 _2eng
_aeng
082 _aV3:231:G9, F5;K4
100 _aPasquet D
_9106650
245 0 _aEssay on the origins of the house of commons, tr by R G D Laffan, etc
260 _c1964
650 _aHISTORY
942 _hV3:231:G9, F5;K4
_cTEXL
_2CC
999 _c229181
_d229181